La educación polimodal (fotocopia) /

Guardado en:
Formato: Libro
Publicado: : , 0
Materias:
Fc
Etiquetas: Agregar Etiqueta
Sin Etiquetas, Sea el primero en etiquetar este registro!
LEADER 00447nam a22001695a 4500
001 CEM.cems008524
005 20060214000000.0
008 130507b######################000#0#####d
003 CEMS
082 0 4 |a F370 
245 0 0 |a La educación polimodal (fotocopia) / 
260 |a  :  |b , 0 
653 |a Educacion 
653 |a Educacion polimodal 
653 |a Fc 
653 |a Ley federal de educacion 
859 |a CEMS  |b BIB. CEMS - 11 de abril  |h F370  |i 40  |p 1211.44  |t Ej.1